|
|
|
|
| LEADER |
00000nab a2200000ua 4500 |
| 001 |
vtls010841015 |
| 003 |
SK-MaSNL |
| 005 |
20260303144243.0 |
| 008 |
230222s2012 xo |||||||||||||||||slo| |
| 035 |
|
|
|a (urnnbn)urn:nbn:sk:snk:ar-a06y2v
|
| 035 |
|
|
|a urn:nbn:sk:snk-ab63nx
|
| 035 |
|
|
|a (uuid)b3782f31-23bb-4431-9dfa-734e07d19c46
|
| 040 |
|
|
|a SNKBUCL
|b slo
|c SNKBUCL
|e AACR2
|
| 041 |
0 |
|
|a slo
|
| 044 |
|
|
|a xo
|c SK
|
| 100 |
1 |
|
|a Vajdičková, Renáta
|4 aut
|9 356050
|
| 245 |
1 |
0 |
|a Princípy komunikačného vyučovania anglického jazyka s využitím zadávania učebných úloh "Task Based Language Teaching" :
|b Špecifiká jednotlivých fáz vyučovacej jednotky
|c Renáta Vajdičková
|
| 773 |
0 |
|
|t Ars aeterna : across cultures across centuries - acknowledging the difference
|g Roč. 4, č. 2 (2012), s. 111-127
|
| 954 |
|
|
|a odborná, vedecká literatúra pôvodná (slovenská)
|2 lita
|
| 958 |
|
|
|a OND
|
| 958 |
|
|
|a EUIPO
|
| 958 |
|
|
|a article5
|
| 999 |
|
|
|c 1995913
|d 1997843
|